00353nam a2200145Ia 4500008004100000020001800041041000800059082001500067100001500082245004400097260001700141300000700158365001600165700002600181230718s9999 xx 000 0 und d a9780194575430 aeng a428.2bHOL aHollett V. aTech Talk Intermediate : Teacher's Book c2015bOxford a95 cRs.b445.00 aHollett V. & Sydes J.